Statistics for American Horror Story: Asylum Characters

Click here to take the quiz!

General Stats

  • This quiz has been taken 84 times
  • The average score is 12 of 15

Answer Stats

DescriptionCharacter% Correct
Briarcliff inmate falsely accused of the Bloody Face killingsKit Walker
100%
Journalist committed to Briarcliff Manor under false pretenses for trying to expose its secretsLana Winters
100%
Stern nun with a shady past who oversees the doctors and patients at Briarcliff ManorSister Jude Martin
97%
Young nun working at the Briarcliff Manor who is possessed by the Devil himselfSister Mary Eunice
97%
Court-appointed psychiatrist with a dark secret brought to Briarcliff Manor to assess a suspected serial killer's competency to stand trialDr. Oliver Thredson
92%
Playful microcephalic inmate at Briarcliff Manor and former performer in a freak showPepper
89%
French patient at Briarcliff Manor accused of murdering her family and lover of ^Grace Bertrand
88%
Secretly married to #4 due to racial tensions before she was abducted by aliensAlma Walker
82%
Chief physician at Briarcliff Manor and Nazi war criminalDr. Arthur Arden
79%
Director of the Briarcliff Manor Sanitarium and a man of the clothMonsignor Timothy Howard
75%
Benevolent entity that appears to administer the kiss of death to dying individualsThe Angel of Death
70%
Illicit girlfriend of #1 and 3rd grade teacherWendy Peyser
59%
One of the inmates at Briarcliff Manor serving a sentence, but committed no crimeShelley
45%
Head of Security at Briarcliff ManorFrank McCann
42%
Inmate of Briarcliff and serial killer who murders his victims dressed as Santa ClauseLeigh Emerson
37%

Score Distribution

Percentile by Number Answered

Percent of People with Each Score

Your Score History

You have not taken this quiz